Binnenstaaten - Sudden Death - Statistiken

Allgemein
  • Dieses Quiz wurde 1.038 mal gespielt
    325 seit der letzten Aktualisierung
  • Das Durchschnittsergebnis liegt bei 9 aus 15
Answers on the Grid
Answers color-coded by a green-red scale on the quiz's grid according to % correct below.
Afghanistan
Österreich
Belarus
Belize
Bosnien und Herzegowina
Botswana
Brunei
Gambia
Zentralafrikanische Republik
Estland
Äthiopien
Gabun
Guinea
Haiti
Jordanien
Kirgisistan
Malawi
Mongolei
Myanmar
Nordkorea
Pakistan
Paraguay
Portugal
Serbien
Südsudan
Suriname
Tadschikistan
Uruguay
Vatikanstadt
Simbabwe
 
Antwortstatistiken
Antwort % Korrekt
Österreich
78%
Vatikanstadt
77%
Zentralafrikanische Republik
68%
Mongolei
65%
Paraguay
63%
Serbien
63%
Belarus
62%
Südsudan
57%
Tadschikistan
56%
Kirgisistan
51%
Afghanistan
50%
Botswana
49%
Malawi
46%
Äthiopien
43%
Simbabwe
40%
Keine übereinstimmenden Quizze gefunden
Verteilung der Resultate
Anzahl Personen mit jedem Resultat
Perzentil nach korrekt beantworteten Fragen
Ihre Resultats-Entwicklung
Sie haben dieses Quiz seit der letzten Aktualisierung nicht gespielt